Vista normal
Vista MARC
Entrada Personal Name
Número de registros utilizados en: 3
001 - CONTROL NUMBER
- control field: 4356
003 - CONTROL NUMBER IDENTIFIER
- control field: DLC
005 - DATE AND TIME OF LATEST TRANSACTION
- control field: 20260317092331.0
008 - FIXED-LENGTH DATA ELEMENTS
- fixed length control field: 000426n| azannaabn a aaa
010 ## - LIBRARY OF CONGRESS CONTROL NUMBER
- LC control number: n 00037007
035 ## - SYSTEM CONTROL NUMBER
- System control number: (CaEvSKY)skya1030739
035 ## - SYSTEM CONTROL NUMBER
- System control number: (OCoLC)oca05206545
040 ## - CATALOGING SOURCE
- Original cataloging agency: DLC
- Language of cataloging: spa
- Description conventions: rda
- Transcribing agency: Mx-PuUPA
- Modifying agency: ICU
- Modifying agency: IEN
- Modifying agency: MX-SlUA
- Modifying agency: ViU
- Modifying agency: Mx-PuUPA
046 ## - SPECIAL CODED DATES
- Birth date: 19631016
- Source of date scheme: edtf
053 #4 - LC CLASSIFICATION NUMBER
- Classification number element--single number or beginning number of span: PQ7798.429.C45
- Institution to which field applies: ViU
100 1# - HEADING--PERSONAL NAME
- Personal name: Scolari, Carlos Alberto,
- Dates associated with a name: 1963-
370 ## - ASSOCIATED PLACE
- Place of birth: Rosario (Argentina)
- Source of term: naf
374 ## - OCCUPATION
- Occupation: Autor
375 ## - GENDER
- Gender: hombre
- Source of term: lcdgt
377 ## - ASSOCIATED LANGUAGE
- Language code: spa
400 1# - SEE FROM TRACING--PERSONAL NAME
- Personal name: Scolari, Carlos A .
- Fuller form of name: (Carlos Alberto),
- Dates associated with a name: 1963-
400 1# - SEE FROM TRACING--PERSONAL NAME
- Personal name: Scolari, Carlos
- Dates associated with a name: 1963-
670 ## - SOURCE DATA FOUND
- Source citation: Scolari, Carlos Alberto. Historietas para sobrevivientes, 1999:
- Information found: t.p. (Carlos Alberto Scolari) cover (Carlos A. Scolari) p. 341 (b. 1963; desempeñó como profesor e investigador en la Univ. Nac. de Rosario; Desde 1990 reside en Italia)
670 ## - SOURCE DATA FOUND
- Source citation: Transmedia archaeology, 2014:
- Information found: ECIP t.p. (Carlos Scolari) data view (b. Wednesday Oct. 16, 1963)
670 ## - SOURCE DATA FOUND
- Source citation: Narrativas transmedia: cuando todos los medios cuentan, 2013:
- Information found: title page (Carlos A. Scolari)
670 ## - SOURCE DATA FOUND
- Source citation: His La gran enciclopedia Argentina. 2021 :
- Information found: front flap (Author was born in Rosario in 1963.) ; back cover (This book is the author's first novel.) ; title page (Author's name given as Carlos A. Scolari.)